Local effects of two large-scale industrial projects in the Kafue-Mazabuka area in Zambia (Record no. 49432)

MARC details
000 -LEADER
fixed length control field 00617nam a2200145 a 4500
008 - FIXED-LENGTH DATA ELEMENTS--GENERAL INFORMATION
fixed length control field 120416s1977 ||||||||||||||||| || u
050 ## - LIBRARY OF CONGRESS CALL NUMBER
Classification number HD 2035.Z2 Die
100 ## - MAIN ENTRY--PERSONAL NAME
Personal name Scheffer, H. R
245 10 - TITLE STATEMENT
Title Local effects of two large-scale industrial projects in the Kafue-Mazabuka area in Zambia
246 ## - VARYING FORM OF TITLE
Title proper/short title the Kafue Estate and Nakambala Sugar Estate, final report
260 ## - PUBLICATION, DISTRIBUTION, ETC.
Place of publication, distribution, etc. Nijmegen
Name of publisher, distributor, etc. Geografisch en Planologisch Instituut Ka
Date of publication, distribution, etc. 1977
350 ## - PRICE (NR) (BK AM CF MU VM SE) [OBSOLETE]
Price 0.00
700 ## - ADDED ENTRY--PERSONAL NAME
Personal name Dietz, T
995 ## - RECOMMENDATION 995 [LOCAL, UNIMARC FRANCE]
-- 0.00
-- CBU-MAIN LIBRARY (Kitwe)
-- 1
-- 0.00
-- 1
-- AVAILABLE
-- Zambiana Collection
Holdings
Withdrawn status Lost status Source of classification or shelving scheme Damaged status Not for loan Home library Current library Shelving location Date acquired Total Checkouts Full call number Barcode Date last seen Price effective from Koha item type
          CBU-MAIN LIBRARY, KITWE. CBU-MAIN LIBRARY, KITWE.   11/30/2022   HD 2035.Z2 Die 005046 11/30/2022 11/30/2022 MONOGRAPH